Implementácia opatrení na zabezpečenie ochrany osobných údajov podľa nariadenia GDPR v organizačnom prostredí

Na minha lista:
Detalhes bibliográficos
Autor principal: Kaňa, Pavel (Author)
Outros Autores: Pauliková, Alena (Thesis advisor)
Formato: Manuscrito Livro
Idioma:eslovaco
Publicado em: 2020
Assuntos:
Acesso em linha:http://is.stuba.sk/zp/portal_zp.pl?podrobnosti=151935
Tags: Adicionar Tag
Sem tags, seja o primeiro a adicionar uma tag!

MARC

LEADER 00000ntm a22000003a 4500
001 stuzp78331
003 SK-STU
005 20200704211929.9
007 ta
008 150427s2015----xo-----f-mn---000-0-slo-d
040 |a STU  |b slo 
041 0 |a slo 
100 1 |a Kaňa, Pavel  |u 064000  |k Z4  |4 aut  |U MTF Materiálovotechnologická fakulta  |T MTF Ústav priemyselného inžinierstva a manažmentu  |X 49633  |U M4000  |Y 84  |7 A000049633 
242 0 1 |a Implementation of Measures to Ensure the Protection of Personal Data under the GDPR Regulation in the Organizational Environment  |y eng 
245 1 0 |a Implementácia opatrení na zabezpečenie ochrany osobných údajov podľa nariadenia GDPR v organizačnom prostredí 
260 |c 2020 
650 4 |a ochrana osobných údajov  |2 slo 
650 4 |a práva dotknutých osôb  |2 slo 
650 4 |a GDPR  |2 slo 
650 4 |a implementácia opatrení  |2 slo 
650 4 |a implementation of measures  |2 eng 
650 4 |a GDPR  |2 eng 
650 4 |a personal data protection  |2 eng 
650 4 |a rights of data subjects  |2 eng 
700 1 |a Pauliková, Alena  |u 064000  |k Z1  |4 ths  |U MTF Materiálovotechnologická fakulta  |T MTF Ústav priemyselného inžinierstva a manažmentu  |X 77968  |U M4000  |Y 84  |7 77968 
856 4 |u http://is.stuba.sk/zp/portal_zp.pl?podrobnosti=151935 
996 |c M* DP-14269  |l MMSKP  |s P  |a 0  |w stuzp78331_0001